White animals - Statistics

General Stats
  • This quiz has been taken 28 times
  • The average score is 6 of 8
Answer Stats
Picture Answer % Correct
Polar bear
100%
Swan
100%
Horse
96%
Owl
87%
Lllama
83%
Arctic fox
74%
Arctic hare
52%
Weasel
39%
No matching quizzes found
Score Distribution
Percent of People with Each Score
Percentile by Number Answered
Your Score History
You have not taken this quiz